000 00847nam a2200253Ia 4500
008 191130s2008##################000#0#eng##
020 _a9781584885917
022 _a2007027986
040 _aACL
_cACL
082 _a332.0151923 TAN
100 _aTaniguchi, Masanobu
245 _aOptimal statistical inference in financial engineering
_cMasanobu Taniguchi, Junichi Hirukawa, Kenichiro Tamaki
260 _aBoca Raton, FL
_bChapman & Hall/CRC
_c2008
300 _axii, 366 p. : ill. ; 25 cm
500 _aIncludes bibliographical references (p. 355-362) and index
650 _aFinance - Statistical methods
650 _aFinancial engineering
650 _aMathematical statistics
700 _aHirukawa, Junichi
700 _aTamaki, Kenichiro
990 _a149d6f10ac10000c5bf0c53813114ae6
991 _a142469
999 _c28205
_d28205